Viage de Hernán Cortés a la península de Californias / (Record no. 94407)

MARC details
000 -LEADER
campo de control de longitud fija 00632nam a2200181 i 4500
001 - NÚMERO DE CONTROL
campo de control 94407
003 - IDENTIFICADOR DE NÚMERO DE CONTROL
campo de control ES-MaACL
005 - FECHA Y HORA DE LA ÚLTIMA TRANSACCIÓN
campo de control 20251011063117.0
007 - CAMPO FIJO DE DESCRIPCIÓN FÍSICA--INFORMACIÓN GENERAL
campo de control de longitud fija t|
008 - DATOS DE LONGITUD FIJA--INFORMACIÓN GENERAL
campo de control de longitud fija 050429s1958 sp ||||1| spa d
100 1# - ENTRADA PRINCIPAL--NOMBRE DE PERSONA
Nombre de persona Lorenzana, Francisco Antonio de,
Fechas asociadas al nombre 1722-1804
9 (RLIN) 151831
245 10 - MENCIÓN DEL TÍTULO
Título Viage de Hernán Cortés a la península de Californias /
Mención de responsabilidad, etc. por Francisco Antonio Lorenzana.
260 ## - PUBLICACIÓN, DISTRIBUCIÓN, ETC.
Lugar de publicación, distribución, etc. Madrid :
Nombre del editor, distribuidor, etc. José Porrúa Turanzas,
Fecha de publicación, distribución, etc. 1958.
300 ## - DESCRIPCIÓN FÍSICA
Extensión 28 p., 3 h. con 1 lám., :
Otras características físicas 1 mapa pleg. ;
Dimensiones 16 cm.
651 #4 - PUNTO DE ACCESO ADICIONAL DE MATERIA--NOMBRE GEOGRÁFICO
Nombre geográfico California-
Subdivisión general Descripción.
9 (RLIN) 163580
852 ## - LOCALIZACIÓN
Ubicación ES-MaACL
Número de control de estantería 2004-F-4
Sublocalización o colección R.43729
Holdings
Estatus retirado Estado de pérdida Estado de daño No para préstamo Colección Biblioteca de origen Biblioteca actual Ubicación en estantería Fecha de adquisición Fuente de adquisición Total de préstamos Signatura topográfica completa Código de barras Visto por última vez Precio de reemplazo Tipo de ítem Koha
        Colección de folletos Biblioteca del Ateneo de Madrid Biblioteca del Ateneo de Madrid Depósito folletos 17/01/2008     2004-F-4 1098600 23/02/2023 23/02/2023 Folleto